00277nam a2200097Ia 4500008004100000041000800041082001300049100001500062245006200077260004000139230627s9999 xx 000 0 und d amar a370bSHA aShah A. K. aEducation And Educational Institutions Cases V. 13 Part 1 aAllahabadbMalhotra Law Housec2001